| 000 | 00501cam a2200145 4500500 | ||
|---|---|---|---|
| 005 | 20260111093408.0 | ||
| 041 | _afre | ||
| 042 | _adc | ||
| 100 | 1 | 0 |
_aMiossec, Alain _eauthor |
| 245 | 0 | 0 | _aAlain Coulomb, Le marégraphe de Marseille, Presses des Ponts, 638 pages, 2014, 90€ |
| 260 | _c2016. | ||
| 500 | _a47 | ||
| 786 | 0 | _nLa Géographie | 1560 | 1 | 2016-01-01 | p. 53i-59i | 1964-9002 | |
| 856 | 4 | 1 | _uhttps://shs.cairn.info/revue-la-geographie-2016-1-page-53i?lang=fr&redirect-ssocas=7080 |
| 999 |
_c1626258 _d1626258 |
||